Treinta años de arqueología medieval en España /

This volume presents, in sixteen papers, recent developments and some of the main topics seen in academic Medieval Archaeology studies in Spain. The papers explore some of the emergent and consolidated topics of the discipline, such as landscapes, cities, rural spaces, bio-archaeological records, ar...

وصف كامل

محفوظ في:

مؤلفون آخرون: Quirós Castillo, Juan Antonio (المحرر)

التنسيق: كتاب الكتروني

اللغة: Spanish

منشور في: Summertown, Oxford : Archaeopress Publishing Ltd, 2018.

الموضوعات:

الوصول للمادة أونلاين: Login to view Source

الوسوم: إضافة وسم

لا توجد وسوم, كن أول من يضع وسما على هذه التسجيلة!

رقم الطلب: DP103

LEADER 02008nam a2200373 i 4500
001 EDZ0001950289
003 StDuBDS
005 20230412182248.0
006 m|||||o||d||||||||
007 cr |||||||||||
008 180816s2018 enka fo 000|0|spa|d
020 |a 9781784919245 (ebook) :  |c No price 
040 |a StDuBDS  |b eng  |c StDuBDS  |e rda  |e pn 
050 4 |a DP103 
082 0 4 |a 946.02  |2 23 
245 0 0 |a Treinta años de arqueología medieval en España /  |c edited by Juan Antonio Quirós Castillo. 
264 1 |a Summertown, Oxford :  |b Archaeopress Publishing Ltd,  |c 2018. 
300 |a 1 online resource (xii, 418 pages) :  |b illustrations (black and white, and colour) 
336 |a text  |2 rdacontent 
336 |a still image  |2 rdacontent 
337 |a computer  |2 rdamedia 
338 |a online resource  |2 rdacarrier 
500 |a Previously issued in print: 2018. 
520 8 |a This volume presents, in sixteen papers, recent developments and some of the main topics seen in academic Medieval Archaeology studies in Spain. The papers explore some of the emergent and consolidated topics of the discipline, such as landscapes, cities, rural spaces, bio-archaeological records, archaeology of architectures, agrarian archaeology, post-Roman archaeology, colonial archaeology in the Canary Islands and the archaeology of religious minorities, opening new lines of enquiries and providing new theoretical and methodological approaches. 
521 |a Specialized. 
588 |a Description based on online resource; title from home page (viewed on October 9, 2018). 
650 0 |a Excavations (Archaeology)  |z Spain. 
651 0 |a Spain  |x History  |y 711-1516. 
700 1 |a Quirós Castillo, Juan Antonio,  |e editor. 
776 0 8 |i Print version :  |z 9781784919238 
856 4 0 |3 Archaeopress  |u http://library.arce.org:8087/Archaeopress/Products/9781784919238 
942 |2 lcc  |c EBOOK 
952 |0 0  |1 0  |4 0  |6 DP0103  |7 1  |9 46420  |a ARCH  |b ARCH  |d 2023-04-12  |l 0  |o DP103  |r 2023-04-12 00:00:00  |w 2023-04-12  |y EBOOK 
999 |c 52078  |d 52078